Пригоди фізичних законів (Запис № 16757)

000 -Маркер запису
Контрольне поле сталої довжини 01674nam a22002537a 4500
003 - Належність контрольного номера
Контрольне поле Uzh_bibl
008 - Кодовані дані
Контрольне поле сталої довжини 260210b |||||||| |||| 00| 0 ukr d
020 ## - Індекс ISBN
ISBN 978-617-569-680-4
Ціна 130.00
040 ## - Джерело каталогіз.
Код мови каталог. укр.
041 ## - Код мови видання
Код мови оригіналу українська
Код мови тексту українська
080 ## - Індекс УДК
Індекс УДК 53
090 ## - Шифри
Поличний індекс 53
Авторський знак Ф 44
100 ## - Автор
Автор Фея,Олег
245 ## - Назва
Назва Пригоди фізичних законів
Відповідальність іл.О.Глумчер
Фізичний носій Текст
260 ## - Вихідні дані
Місце видання Київ
Видавництво Темпора
Дата видання 2025
300 ## - Фізичний опис
Обсяг 544 с.
Ілл./тип відтвор. іл.
Тип одиниці В опр.
520 ## - Анотація
Анотація Від спостереження за зоряним небом до квантової заплутаності, від першого телескопа до Великого адронного колайдера, від античних мислителів до нобелівських лауреатів останніх десятиліть — Олег Фея розповідає історію фізичних дослідів, відкриттів і законів. Пише про те, як найвидатніші фізики змагалися між собою, додали перешкоди та рухали історію, і переконує: коли людству здається, що у фізиці майже все відкрито, це означає, що все тільки починається.
521 ## - Примітка про цільове призначення
Примітка про цільове призначення Для широкого кола читачів
546 ## - Примітка про мову
Примітка про мову укр.
650 ## - Тематичні рубрики
Основна рубрика Науково-популярна література
653 ## - Ключові слова
Ключові слова Історія дослідів
-- Відкриття
-- Закони
655 ## - Термін індексування — жанр/форма
Жанр/форма Природничі та точні науки
942 ## - ADDED ENTRY ELEMENTS (KOHA)
Джерело класифікації чи схема поличного розташування
Koha item type Книги
Фонди
Статус вилучення Статус втрати/відсутності Джерело класифікації чи схема поличного розташування Статус пошкодження Тип обігу (не для випозичання) Постійне розташування Поточне розташування Розташування у відділі Дата надходження Джерело надходження (постачальник) Інвентарний номер Total Checkouts Повний (примірниковий) шифр зберігання Штрих-код Date due Date last seen Date last checked out Дата, для якої чинна ціна заміни Тип одиниці (рівень примірника)
          Публічна бібліотека Публічна бібліотека Абонемент 05/02/2026 Подаровані 80682 1 53 19138 20/04/2026 21/03/2026 21/03/2026 10/02/2026 Книги

Працює на АБІС Коха